[Event "Stay Safe Play From Home 361"]
[Site "Emanuel Lasker Arena"]
[Date "2020.08.06"]
[Round "5"]
[White "Ao017545"]
[Black "Stefanone"]
[Result "0-1"]
[WhiteElo "1530"]
[BlackElo "1918"]
[Annotator "NA RC"]
[PlyCount "68"]
[EventDate "2020.08.06"]
[EventType "swiss (blitz)"]

1. e4 {[%emt 0:00:01]} d6 {[%emt 0:00:00]} 2. Nf3 {[%emt 0:00:00]} g6 {[%emt 0:00:00]} 3. Bc4 {[%emt 0:00:01]} Bg7 {[%emt 0:00:00]} 4. Ng5 {[%emt 0:00:01]} e6 {[%emt 0:00:00]} 5. d4 {[%emt 0:00:02]} Qe7 {[%emt 0:00:01]} 6. O-O {[%emt 0:00:04]} a6 {[%emt 0:00:00]} 7. d5 {[%emt 0:00:01]} e5 {[%emt 0:00:01]} 8. f4 {[%emt 0:00:02]} exf4 {[%emt 0:00:01]} 9. Bxf4 {[%emt 0:00:05]} Nf6 {[%emt 0:00:00]} 10. e5 {[%emt 0:00:03]} dxe5 {[%emt 0:00:01]} 11. Bxe5 {[%emt 0:00:01]} O-O {[%emt 0:00:01]} 12. Re1 {[%emt 0:00:01]} Qc5+ {[%emt 0:00:02]} 13. Kh1 {[%emt 0:00:04]} Qxc4 {[%emt 0:00:01]} 14. Bxf6 {[%emt 0:00:01]} Bxf6 {[%emt 0:00:01]} 15. Nd2 {[%emt 0:00:01]} Qxd5 {[%emt 0:00:02]} 16. Nde4 {[%emt 0:00:03]} Qxd1 {[%emt 0:00:02]} 17. Nxf6+ {[%emt 0:00:01]} Kg7 {[%emt 0:00:02]} 18. Raxd1 {[%emt 0:00:07]} Kxf6 {[%emt 0:00:00]} 19. Nxh7+ {[%emt 0:00:01]} Kg7 {[%emt 0:00:01]} 20. Nxf8 {[%emt 0:00:00]} Kxf8 {[%emt 0:00:01]} 21. Rd8+ {[%emt 0:00:01]} Kg7 {[%emt 0:00:01]} 22. Rxc8 {[%emt 0:00:00]} Ra7 {[%emt 0:00:01]} 23. Rxb8 {[%emt 0:00:02]} b5 {[%emt 0:00:01]} 24. Ree8 {[%emt 0:00:01]} c5 {[%emt 0:00:01]} 25. Rg8+ {[%emt 0:00:01]} Kf6 {[%emt 0:00:01]} 26. g4 {[%emt 0:00:01]} Re7 {[%emt 0:00:01]} 27. h3 {[%emt 0:00:01]} Re2 {[%emt 0:00:01]} 28. Rb6+ {[%emt 0:00:04]} Kg5 {[%emt 0:00:02]} 29. Rxa6 {[%emt 0:00:00]} Kh4 {[%emt 0:00:01]} 30. Rh8+ {[%emt 0:00:01]} Kg3 {[%emt 0:00:01]} 31. Ra3+ {[%emt 0:00:01]} Kf4 {[%emt 0:00:02]} 32. Rd3 {[%emt 0:00:01]} Re1+ {[%emt 0:00:01]} 33. Kg2 {[%emt 0:00:02]} Re2+ {[%emt 0:00:00]} 34. Kf1 {[%emt 0:00:01]} Rxc2 {[%emt 0:00:00] Zaman Zaman Zaman Zaman Zaman (Lag: Av=0.49s, max=0.8s) (Lag: Av=0.49s, max=0.8s) (Lag: Av=0.49s, max=0.8s) (Lag: Av=0.49s, max=0.8s) (Lag: Av=0.49s, max=0.8s)} 0-1

[Event "Stay Safe Play From Home 361"]
[Site "Emanuel Lasker Arena"]
[Date "2020.08.06"]
[Round "5"]
[White "James Harcourt"]
[Black "Edmatuag"]
[Result "0-1"]
[WhiteElo "1347"]
[BlackElo "1707"]
[Annotator "NA RC"]
[PlyCount "60"]
[EventDate "2020.08.06"]
[EventType "swiss (blitz)"]

1. e4 {[%emt 0:00:06]} c6 {[%emt 0:00:00]} 2. f4 {[%emt 0:00:00]} d5 {[%emt 0:00:00]} 3. Nf3 {[%emt 0:00:00]} dxe4 {[%emt 0:00:02]} 4. Ng5 {[%emt 0:00:00]} Qd5 {[%emt 0:00:03]} 5. h4 {[%emt 0:00:01]} h6 {[%emt 0:00:02]} 6. Nxf7 {[%emt 0:00:01]} Qxf7 {[%emt 0:00:02]} 7. b3 {[%emt 0:00:00]} Bf5 {[%emt 0:00:03]} 8. Bc4 {[%emt 0:00:00]} e6 {[%emt 0:00:01]} 9. d4 {[%emt 0:00:02]} h5 {[%emt 0:00:02]} 10. c3 {[%emt 0:00:01]} Nd7 {[%emt 0:00:01]} 11. d5 {[%emt 0:00:01]} cxd5 {[%emt 0:00:03]} 12. Bb5 {[%emt 0:00:02]} Bc5 {[%emt 0:00:01]} 13. Bxd7+ {[%emt 0:00:01]} Qxd7 {[%emt 0:00:01]} 14. Nd2 {[%emt 0:00:00]} Be3 {[%emt 0:00:01]} 15. a4 {[%emt 0:00:09]} d4 {[%emt 0:00:01]} 16. cxd4 {[%emt 0:00:02]} Qxd4 {[%emt 0:00:01]} 17. g4 {[%emt 0:00:04]} Bxg4 {[%emt 0:00:02]} 18. Qc2 {[%emt 0:00:03]} Qd3 {[%emt 0:00:03]} 19. Qxd3 {[%emt 0:00:02]} exd3 {[%emt 0:00:01]} 20. Ne4 {[%emt 0:00:03]} Bxc1 {[%emt 0:00:01]} 21. Rxc1 {[%emt 0:00:00]} Nf6 {[%emt 0:00:01]} 22. Rd1 {[%emt 0:00:03]} Nxe4 {[%emt 0:00:01]} 23. Rxd3 {[%emt 0:00:01]} O-O {[%emt 0:00:02]} 24. O-O {[%emt 0:00:02]} Rad8 {[%emt 0:00:02]} 25. Rxd8 {[%emt 0:00:04]} Rxd8 {[%emt 0:00:02]} 26. a5 {[%emt 0:00:02]} Rd2 {[%emt 0:00:01]} 27. f5 {[%emt 0:00:02]} exf5 {[%emt 0:00:01]} 28. Re1 {[%emt 0:00:03]} Bf3 {[%emt 0:00:02]} 29. a6 {[%emt 0:00:02]} bxa6 {[%emt 0:00:02]} 30. Rc1 {[%emt 0:00:01]} Kh7 {[%emt 0:00:00] TimeW TimeW TimeW TimeW TimeW} 0-1

[Event "Stay Safe Play From Home 361"]
[Site "Emanuel Lasker Arena"]
[Date "2020.08.06"]
[Round "6"]
[White "Gokerkan"]
[Black "Lamborghini"]
[Result "1-0"]
[WhiteElo "2577"]
[BlackElo "2272"]
[Annotator "TA"]
[PlyCount "43"]
[EventDate "2020.08.06"]
[EventType "swiss (blitz)"]

{[%evp 22,43,0,0,39,46,35,45,59,64,75,74,118,68,488,487,2334,2282,1864,854,29995,29996,29998,29999]} 1. e4 c5 2. Nf3 d6 3. d4 cxd4 4. Nxd4 Nf6 5. Nc3 g6 6. Be3 Bg7 7. f3 O-O 8. Qd2 Nc6 9. O-O-O d5 10. Nxc6 bxc6 11. Bh6 $1 {[%mdl 4] outshines the older 11.exd5.} Bxh6 12. Qxh6 Qb6 {B76: Sicilian Dragon: Yugoslav Attack, 9 g4 and 9 0-0-0.} 13. h4 $1 Rb8 14. b3 Qb4 {White is slightly better.} 15. Kb2 $1 {[#]} d4 $146 ({Predecessor:} 15... dxe4 16. h5 exf3 17. hxg6 fxg6 18. Rh4 Qc5 19. Ne4 Qe5+ 20. c3 Rb7 21. Nxf6+ exf6 22. gxf3 {1-0 (28) Atalik,S (2550)-Vucinic,G (2313) Paracin 2014}) 16. Nb1 c5 {[#]} 17. h5 $1 {[%mdl 512] Strongly threatening e5.} Be6 $2 {[%mdl 8192]} ({Not} 17... Nxh5 $2 18. g4 $18) (17... c4 $1 $14) 18. e5 $18 g5 (18... Nxh5 $142 19. Rxh5 (19. g4 c4 $11) 19... gxh5) 19. exf6 exf6 20. Qxf6 (20. Bd3 $142 Rfd8 21. Bxh7+ Kh8 22. Rde1) 20... c4 21. h6 {[%csl Gh6][%cal Rf6g7]} c3+ {[#]} 22. Ka1 $1 {White took control after the opening. Accuracy: White = 71%, Black = 27%.} 1-0

[Event "Stay Safe Play From Home 361"]
[Site "Emanuel Lasker Arena"]
[Date "2020.08.06"]
[Round "6"]
[White "Nuktotitakoi"]
[Black "Tran Minh Thang"]
[Result "1-0"]
[WhiteElo "2478"]
[BlackElo "2444"]
[Annotator "TA"]
[PlyCount "55"]
[EventDate "2020.08.06"]
[EventType "swiss (blitz)"]

{[%evp 15,55,54,84,75,115,73,79,89,119,117,251,262,254,262,269,262,237,35,165,121,401,227,222,218,615,619,571,262,342,219,1312,1324,2625,2519,29988,29989,29991,29990,29997,29997,29997,29996]} 1. e4 c5 2. Nc3 a6 3. Nf3 e6 4. d4 cxd4 5. Nxd4 b5 6. g3 Bb7 7. Bg2 d6 8. O-O Nf6 9. Re1 {B91: Sicilian Najdorf: 6 g3.} Nbd7 10. a4 b4 11. Nd5 {White is better.} exd5 12. exd5+ Be7 {[#]} (12... Ne5 $16 {was worth a try.}) 13. Nf5 $1 $18 {[%cal Rf5d6] [#]} (13. Nc6 Bxc6 14. dxc6 Ne5 $16) 13... Ne5 $146 {Threatening ...0-0.} ({Predecessor:} 13... O-O 14. Nxe7+ Kh8 15. Nf5 Nb6 16. Bf4 Nbxd5 17. Bxd6 Re8 18. Be5 Qd7 19. Qd3 Bc8 20. Bxf6 Nxf6 21. Qxd7 Bxd7 22. Bxa8 Rxe1+ 23. Rxe1 Bxf5 {1-0 (54) Szczotka,K (1418)-Liashkevich,L (1182) Minsk 2018}) 14. Nxg7+ Kf8 15. Nf5 {aiming for Rxe5!} h5 {[#]} 16. Bh6+ $2 ({Better is} 16. Rxe5 $1 $18 {[%mdl 512]} dxe5 17. d6 {[%mdl 64] Discovered Attack} Bxd6 18. Bxb7) 16... Kg8 (16... Rxh6 $1 $14 17. Nxh6 Qd7) 17. Bg5 Rb8 $2 {[%mdl 8192]} (17... Bf8 $16 {might work better.}) 18. f4 (18. Nxe7+ $142 Qxe7 19. f4) 18... Qb6+ 19. Kh1 Nfg4 $2 (19... Bd8) 20. Nxe7+ Kf8 {( -> ...Nf2+)} 21. Rf1 (21. Re2 $142) 21... Ne3 22. Qe2 ({Less strong is} 22. fxe5 Nxd1 23. Raxd1 dxe5 $16) 22... Nxf1 $2 (22... N5g4) 23. fxe5 h4 24. Rxf1 hxg3 25. Ng6+ {[%mdl 64] Double Attack. White mates.} Kg7 26. Nxh8 Kxh8 27. Bf6+ Kg8 28. Qg4+ {Accuracy: White = 46%, Black = 22%.} 1-0

[Event "Stay Safe Play From Home 361"]
[Site "Emanuel Lasker Arena"]
[Date "2020.08.06"]
[Round "6"]
[White "AChessPlayer"]
[Black "NTBT_DHS"]
[Result "1-0"]
[WhiteElo "2413"]
[BlackElo "2629"]
[Annotator "TA"]
[PlyCount "145"]
[EventDate "2020.08.06"]
[EventType "swiss (blitz)"]

{[%evp 9,144,8,16,0,0,0,45,45,45,40,42,45,39,45,53,52,85,84,100,49,99,111,108,8,18,13,25,-6,32,-10,-14,-40,141,-61,-56,-48,47,39,25,-2,58,29,104,27,22,32,131,124,116,0,100,0,162,167,203,208,229,139,147,0,0,-1,0,-70,0,-166,0,0,0,0,0,0,0,0,0,0,0,0,132,100,55,0,0,0,0,0,0,0,0,0,0,0,29990,29991,29991,29991,29991,29991,29994,29991,29991,29991,29993,29991,29991,29991,29994,29991,29994,29990,29990,29991,29991,29992,29992,29993,29993,29993,29993,29994,29994,29994,29994,29993,29993,29994,29995,29993,29998,29996,29997,29997,29997,29998,29998,29999,29999]} 1. Nf3 g6 2. g3 Bg7 3. Bg2 e5 4. O-O d5 5. d3 Nc6 6. c4 {A07: Réti Opening: New York and Capablanca Systems.} d4 7. b4 {[%cal Bb2b4,Bb4b5][%mdl 32]} Nge7 8. b5 {White is slightly better.} Nb8 $1 {[%cal Bc6b8,Bb8d7,Bd7f6,Bf6e4][%mdl 32]} 9. a4 O-O {[#]} 10. Ba3 $146 ({Predecessor:} 10. Nbd2 a6 11. Ba3 Re8 12. Qb3 h6 13. Ne1 Kh7 14. Nc2 a5 15. e3 dxe3 16. fxe3 {1-0 (35) Malinin,Y (2316)-Sedov,A (2259) Nev Ladoga 2012}) 10... Re8 11. Nbd2 a5 12. Qb3 Nd7 13. c5 Nf5 14. Ne4 (14. Nc4 $16) 14... Nf6 {[#]} 15. Nfg5 $1 Nh6 16. Rac1 (16. h4 $16) 16... Nxe4 $11 17. Nxe4 Be6 18. Qb1 Bd5 (18... f5 $5 {[%cal Rf5e4]} 19. Nd2 Bd5 $11) 19. c6 b6 20. Rfe1 {next Nd6 is good for White.} f5 $2 (20... Be6 $15 {keeps the upper hand.}) 21. Nd2 $2 (21. Nd6 $1 $16 Be6 22. Nxe8 Qxe8 23. Qc2) 21... Bxg2 22. Kxg2 e4 (22... Qd5+ $15 23. Kg1 Ng4) 23. Qb3+ Kh8 24. Nf1 Ng4 (24... e3 $11) 25. h3 $1 $36 {[%cal Rh3g4][%mdl 2048] White has some pressure.} Ne5 (25... Nf6 $11) 26. f4 (26. Bb2 $16) 26... exf3+ $1 $11 27. exf3 {Black must now prevent f4.} Qf6 (27... g5 $1 $14) 28. f4 $16 Nf7 29. Nd2 ({White should try} 29. Qd5 $16 {Threatens to win with Qd7!} Nh6 30. Qd7) 29... Re3 (29... g5 $1 $11 30. Nf3 gxf4 31. gxf4 Qg6+ 32. Kf2 Bf6) 30. Nf3 ({White should play} 30. Bb2 $16 {aiming for Rxe3.} Qe7 31. Ba3) 30... Rae8 $2 (30... g5 $1 $11 {and Black is okay.}) 31. Rxe3 $18 dxe3 32. Re1 h6 33. Re2 g5 34. fxg5 (34. Bc1 $16) 34... hxg5 $11 35. Bb2 Qg6 36. Bxg7+ (36. h4 $11) 36... Qxg7 (36... Kxg7 $15 37. Qc4 f4) 37. g4 $2 (37. Qd5 $11 {and White has nothing to worry.}) 37... fxg4 $2 (37... f4 $19 38. Qd5 Qg6) 38. hxg4 Nh6 39. Qc4 Qf6 $1 40. Qd4 Qxd4 41. Nxd4 Nxg4 {[%mdl 4096] Endgame KRN-KRN} 42. Nf5 Re5 43. Kg3 Rxf5 (43... Nf6 $11 {remains equal.} 44. Nxe3 Kg8) 44. Kxg4 {KR-KR} Re5 45. d4 ({Better is} 45. Kf3 $14) 45... Re4+ 46. Kxg5 Kg7 47. Kf5 Rxd4 48. Rxe3 {And now Re7+ would win.} Kf7 49. Rh3 {Hoping for Rh7+.} Rd5+ $1 50. Ke4 Kg6 $2 {[%mdl 8192] [#] Black is now going downhill.} (50... Rg5 $11) 51. Kxd5 {KR-K3P. White mates.} Kf5 52. Re3 Kf6 53. Re6+ Kf7 54. Re2 Kf6 55. Kd4 Kf7 56. Re1 Kf6 57. Rg1 Ke7 58. Rh1 Kd6 59. Kc4 Ke6 60. Rh7 Kd6 61. Rd7+ Ke6 62. Rxc7 {KR-KPP} Kd6 63. Rb7 Ke6 64. Rxb6 {KR-KP} Kd6 65. Ra6 Ke6 66. Rxa5 {KR-K} Kd6 67. Ra6 Kc7 68. Ra7+ Kb8 69. Rb7+ Ka8 70. Rd7 Kb8 71. Kc5 Kc8 72. Kb6 Kb8 73. Rd8# {Accuracy: White = 54%, Black = 56%.} 1-0

[Event "Stay Safe Play From Home 361"]
[Site "Emanuel Lasker Arena"]
[Date "2020.08.06"]
[Round "6"]
[White "SoulofWolf"]
[Black "Uber_WING"]
[Result "1/2-1/2"]
[WhiteElo "2297"]
[BlackElo "2398"]
[Annotator "TA"]
[PlyCount "150"]
[EventDate "2020.08.06"]
[EventType "swiss (blitz)"]

{[%evp 11,150,0,-8,-18,-24,-17,11,-2,60,-346,59,56,54,23,28,15,45,44,31,15,27,13,7,0,12,-5,41,44,106,54,74,-8,-12,-31,-25,-54,-51,-61,16,16,18,-1,0,0,0,-41,-20,-23,-22,-37,-35,-43,-33,-33,0,0,0,-915,8,-3,77,-43,-8,-44,-5,-5,0,0,8,8,8,8,8,0,0,0,0,0,0,0,0,-812,0,0,0,0,0,0,0,0,0,0,0,0,29975,29975,29974,29976,29976,29977,29978,29976,29979,8,8,8,8,8,8,8,29979,29980,29982,29981,29982,29982,29982,29983,29983,29984,29984,0,29983,8,29983,8,29983,29984,29984,29985,29985,8,29986,0,29986,0,29983,0,29983,0,29983]} 1. c4 e5 2. Nc3 Nc6 3. Nf3 g6 4. d4 exd4 5. Nxd4 Bg7 6. Nc2 d6 7. e3 {A27: English Opening: Three Knights Variation.} Be6 8. Be2 {[#]} Qd7 $146 ({Predecessor:} 8... Nge7 9. Nd5 O-O 10. O-O Ne5 11. e4 c6 12. Nxe7+ Qxe7 13. f4 Nxc4 14. f5 Nxb2 15. Bxb2 Bxb2 {½-½ (31) Florian,T-Ragozin,V Telegraph 1949}) 9. O-O h6 (9... Nge7 $11) 10. b3 $2 {[%mdl 8192]} (10. Nd4 $14 {stays ahead.}) 10... Nge7 $2 (10... Bxc3 $19 11. Rb1 Nge7) 11. Bb2 $14 O-O 12. Na4 Bxb2 13. Nxb2 f5 14. Nd3 g5 15. c5 Nd5 16. cxd6 Qxd6 17. Qe1 a5 18. Rd1 Qe7 19. Bf3 Ndb4 (19... Bf7 $14) 20. Ndxb4 (20. Nd4 $16) 20... axb4 21. Ra1 (21. Bxc6 $16 bxc6 22. Nxb4) 21... Ne5 $11 22. Bxb7 Ra7 $36 {[%mdl 2048] Black is pushing.} 23. Bf3 Nxf3+ 24. gxf3 Bd5 ({Black should try} 24... c5 $15) 25. e4 fxe4 26. fxe4 Qxe4 27. Qxe4 Bxe4 28. Ne3 Rf4 29. Rfd1 c6 30. Rd8+ Kg7 31. Rd6 Raf7 32. Rd2 h5 33. Rc1 h4 34. Ng2 $2 {[%mdl 8192]} (34. Rc5 $11) 34... R4f6 $2 (34... Rg4 $19 35. f3 Rxf3) 35. Ne3 h3 (35... Rb7 $11) 36. Ng4 (36. Rc4 $16 Re6 37. Rxb4) 36... Re6 37. Re1 Rfe7 38. Rde2 $1 Bf5 39. Rxe6 Rxe6 40. Rxe6 Bxe6 {[%mdl 4096] Endgame KB-KN} 41. Ne5 c5 {With the idea ...Bf5.} 42. Kf1 Kf6 43. Nd3 c4 44. bxc4 Bxc4 45. Ke2 Kf5 {And now ...Ke4 would win.} 46. Kd2 $2 {[%mdl 8192]} (46. Ke3 $11) 46... Bxd3 $2 (46... Ke4 $1 $19 47. Ne1 Bxa2) 47. Kxd3 $19 {K3P-K3P} Kf4 48. Ke2 $1 Ke4 {Strongly threatening ...Kd4.} (48... g4 $5) 49. f3+ $1 Kf4 50. Kf2 g4 51. fxg4 {[%mdl 64] Overworked Piece} Kxg4 $11 {KPP-KPP} 52. Ke3 Kh4 $2 {[%mdl 8192]} (52... Kf5 $11) 53. Kf3 Kg5 54. Kg3 Kf5 55. Kxh3 {KPP-KP} Ke4 56. Kg3 Kf5 57. h4 $2 (57. Kf3 Ke5 58. Ke3 Kd5 59. Kd3 Kc5 60. h4 Kd5 61. Kc2 Ke5 62. Kb3) 57... Kg6 58. h5+ Kxh5 {KP-KP} 59. Kf4 Kg6 60. Ke4 b3 $2 {[%mdl 8192]} (60... Kf7 $11) 61. axb3 {KP-K} Kf6 62. Kd4 Ke6 63. Kc4 Kd7 64. Kb5 $1 Kc7 65. Ka6 $1 Kb8 66. Kb5 $2 (66. b4 Ka8 67. b5 Kb8 68. Kb6 Kc8 69. Ka7 Kd8 70. b6 Kd7 71. b7) 66... Ka8 $2 {[%mdl 8192] [#]} (66... Kc7 $11 67. Ka6 Kd6 68. b4 Kc7 69. b5 Kb8 70. Kb6 Kc8 71. Ka7 Kd8) 67. Kc5 $2 (67. Kb6 $1 Kb8 68. b4 Ka8 69. Ka6 Kb8 70. b5 Kc7 71. b6+ Kc8 72. Ka7) 67... Kb8 $2 {[%mdl 8192] [#]} (67... Kb7 $11 68. Kb5 Ka7 69. Kc6 Ka8 70. b4 Kb8 71. Kb6 Ka8 72. Ka6 Kb8) 68. Kc6 $2 (68. Kb6 $1 Kc8 69. b4 Kd8 70. b5 Ke7 71. Kc7 Ke6 72. b6 Kd5 73. b7) 68... Kc8 $2 {[%mdl 8192]} (68... Ka7 $11 69. b4 Ka6 70. b5+ Ka7 71. Kc7 Ka8 72. Kb6 Kb8 73. Ka6 Kc7 74. b6+ Kc8) 69. b4 Kb8 70. Kb6 Ka8 71. Ka6 Kb8 72. Kb6 $2 (72. b5 Kc7 73. b6+ Kc8 74. Ka7 Kd7 75. b7 Ke6 76. b8=Q Kf5 77. Kb7) 72... Kc8 $2 {[%mdl 8192]} (72... Ka8 $11 73. Ka6 Kb8 74. b5 Kc7 75. b6+ Kc8 76. Ka7 Kd7 77. b7 Ke6) 73. Kc6 Kb8 $1 74. Kd7 $2 (74. b5 {mates} Ka7 75. Kc7 Ka8 76. Kb6 Kb8 77. Ka6 Kc7 78. b6+ Kc8 79. Ka7) 74... Ka8 $4 {[%mdl 8192]} (74... Kb7 $11) 75. Kc6 Kb8 {[%mdl 32768] A wild game. Accuracy: White = 63%, Black = 55%. . An unexpected result.} 1/2-1/2

[Event "Stay Safe Play From Home 361"]
[Site "Emanuel Lasker Arena"]
[Date "2020.08.06"]
[Round "6"]
[White "Little champs"]
[Black "Greblah"]
[Result "1-0"]
[WhiteElo "2136"]
[BlackElo "1847"]
[Annotator "TA"]
[PlyCount "95"]
[EventDate "2020.08.06"]
[EventType "swiss (blitz)"]

{[%evp 15,95,10,4,-265,-266,-263,-282,-297,-289,-280,-284,-279,-286,-284,-187,-207,-190,-189,-84,-155,-104,-137,-124,-108,-76,-118,-105,-97,-55,-134,-51,-198,-127,-147,-61,-243,-53,-378,-354,-340,-264,-393,-196,-205,-205,-185,-189,-233,-217,-235,-228,-225,-195,-189,-194,-339,-333,-311,-204,-300,-285,-360,-264,-390,-255,-431,-430,-503,-503,-503,-503,-503,-468,-5035,-4140,-4132,-1149,-897,-68,-68,0,0]} 1. d4 c6 2. e3 d5 3. Nf3 Nf6 4. Be2 g6 5. O-O Bg7 6. c4 O-O 7. cxd5 cxd5 8. Nc3 Nc6 {[#]} 9. Nxd5 $146 {[%mdl 8192] D94: Grünfeld: 4 Nf3 Bg7 5 e3.} (9. Na4 $11 {and White has nothing to worry.}) ({Predecessor:} 9. b3 Bg4 10. a4 Qa5 11. Bd2 Rfc8 12. Rc1 e6 13. Ne4 Qd8 14. Nxf6+ Bxf6 15. b4 Be7 16. Qb3 Qb6 {½-½ (24) Laznicka,V (2602)-Panarin,M (2502) playchess.com INT 2006}) 9... Nxd5 10. e4 Nb6 {[%cal Rc6d4]} 11. Be3 {Black has a decisive advantage.} Bg4 12. d5 Bxf3 (12... Bxb2 13. Rb1 $11) 13. Bxf3 Ne5 (13... Bxb2 14. Rb1 $11) 14. Be2 Nbc4 15. Bd4 {Black should prevent Bxc4.} b5 16. b3 Nb6 (16... Nd6 $19 {is more deadly.} 17. f4 Nd7) 17. Rc1 (17. f4 $142 Ned7 18. Bxg7 Kxg7 19. Qd4+ f6 20. Bxb5) 17... a6 (17... f5 $142 18. f4 Nf7 19. Bxg7 Kxg7 20. Qd4+ Kg8 21. exf5 Qxd5 22. Qxd5 Nxd5 23. fxg6 hxg6 24. Bxb5 Rad8) 18. Qd2 Ned7 19. Be3 Rc8 20. f4 Rxc1 21. Rxc1 Qb8 22. e5 (22. Rc6 $15) 22... Rc8 (22... Rd8 $17 {aiming for ...Nf8.} 23. Bf3 Nxd5 $1 {[%mdl 512]} 24. Qxd5 (24. Bxd5 $2 Nb6 $19) 24... Nxe5) 23. Rf1 (23. Rxc8+ $1 $15 Nxc8 24. Qa5) 23... Qc7 ({Black should play} 23... Rd8 $19 24. Rd1 Nf8) 24. Bf3 Qc2 (24... e6 $17 25. d6 Qc3) 25. Qd4 $2 ({Better is} 25. Qa5 $15) 25... f6 $2 (25... Qxa2 $19 26. Qb4 Qb2) 26. Be4 $2 {[%mdl 8192]} (26. e6 $15 f5 27. Qd1) 26... fxe5 $19 27. fxe5 Bxe5 ({Don't take} 27... Qxa2 28. Bxg6 Qxb3 29. Bf5) 28. Qxb6 (28. Qxe5 $142 Nxe5 29. Bxc2 Nxd5 30. Bd4 Rxc2 31. Bxe5) 28... Nxb6 (28... Qxe4 $142 29. Qe6+ Kh8) 29. Bxc2 Rxc2 ({Much less strong is} 29... Nxd5 30. Bh6 $17) 30. Bxb6 Rxa2 {[%mdl 4096] Endgame KRB-KRB} 31. Re1 Bf6 32. Bc5 Kf7 33. b4 a5 34. bxa5 Rxa5 35. d6 (35. Kf1 $142) 35... exd6 36. Bxd6 Ra2 37. Rb1 (37. Be5 {keeps fighting.}) 37... Bd4+ 38. Kh1 Rb2 {[%cal Rb2b1]} 39. Rd1 (39. Rxb2 {was forced.} Bxb2 40. Kg1) 39... Bf6 40. h3 $2 (40. Ba3 Ra2 41. Bc5) 40... b4 {[%cal Bb5b4,Bb4b3,Bb3b2][%mdl 32]} 41. Rd5 b3 42. Rb5 Rb1+ 43. Kh2 Ke6 44. Bg3 (44. Ba3 $142 Be5+ 45. g3) 44... b2 45. h4 {[#]} g5 $1 {[%mdl 512]} 46. hxg5 Bxg5 $2 (46... Bd4 $19 47. Bh4 Rf1) 47. Be5 $1 $15 Bf4+ ({Black should try} 47... Bf6 $15 48. Bxb2 {[#]} Bd4 $1 {[%mdl 512]}) 48. Bxf4 {[%mdl 32768] Accuracy: White = 30%, Black = 34%. . Loss on time!?} 1-0

[Event "Stay Safe Play From Home 361"]
[Site "Emanuel Lasker Arena"]
[Date "2020.08.06"]
[Round "6"]
[White "Stefanone"]
[Black "SelamiSahin"]
[Result "1-0"]
[WhiteElo "1922"]
[BlackElo "2125"]
[Annotator "TA"]
[PlyCount "89"]
[EventDate "2020.08.06"]
[EventType "swiss (blitz)"]

{[%evp 9,88,-17,0,-16,-13,-15,-17,-20,0,-14,-12,-48,-29,-39,-19,-20,-7,-17,0,0,7,-34,58,54,37,-52,-55,-75,-71,-74,-36,-36,-46,-47,-35,-22,85,-19,0,0,222,100,100,0,0,0,0,0,0,-43,-26,-50,0,0,-18,-37,0,-141,-110,-212,-197,-459,-8,-8,-8,-27,0,0,29979,29974,29980,29981,29990,29991,29992,29993,29993,29994,29995,29996,29999]} 1. d4 c6 2. e3 d5 3. f4 Nf6 4. Nf3 Bg4 5. Be2 e6 6. Ne5 {D00: 1 d4 d5: Unusual lines.} Bxe2 7. Qxe2 Nbd7 8. O-O {The position is equal.} Bd6 9. c4 O-O {[#]} 10. cxd5 $146 ({Predecessor:} 10. Nc3 Qe7 11. e4 dxe4 12. Nxe4 Nxe4 13. Qxe4 Nf6 14. Qf3 c5 15. Be3 cxd4 16. Bxd4 {1-0 (35) Kastelic,M (2254)-Ocepek,M (2113) Slovenia 2017}) 10... cxd5 (10... Nxd5 11. e4 $11) 11. Nc3 a6 12. Bd2 Rc8 13. g4 Ne4 14. Nxe4 dxe4 15. Bc3 f5 (15... Nf6 $15) 16. gxf5 $14 exf5 17. Rf2 (17. Qc2 $14) 17... Nf6 $15 18. Kh1 Nd5 19. Rg1 Nxc3 20. bxc3 Rxc3 21. Rfg2 Bxe5 22. fxe5 Qe7 (22... Rc7 $11) 23. Qf2 (23. Qe1 $16 Rfc8 24. Qf2 (24. Rxg7+ Qxg7 25. Rxg7+ Kxg7 $11)) 23... g6 24. Qf4 $1 Rfc8 $2 (24... Kf7 $11 {and Black has nothing to worry.}) 25. d5 (25. Qxf5 $1 $18 {And now Rxg6+! would win.} R3c6 26. Qxe4) 25... Rc1 26. d6 (26. Qxf5 $1 $16 {aiming for Rxg6+!} Qf7 27. Qxf7+ (27. Qxe4 $2 R8c4 $19) 27... Kxf7 28. Rf2+ Ke8 29. Rf6) 26... Rxg1+ 27. Rxg1 $11 {[%mdl 4096] Endgame KQR-KQR} Qe6 $36 {[%mdl 2048] Black has the initiative.} 28. Rd1 Rd8 $1 (28... Qxa2 29. d7 $16) 29. Qg5 Rd7 30. Qf4 Kg7 31. Rc1 h6 32. Rc7 g5 33. Qg3 (33. Rxd7+ $11 Qxd7 34. Qf1) 33... Rxc7 $17 34. dxc7 {KQ-KQ} Qc6 35. Qf2 $2 (35. e6 {keeps fighting.} Qxe6 36. Qf2) 35... Qc1+ $2 ({Black should try} 35... Qxc7 $19 36. Qxf5 {[#]} Qf7 $1 {[%mdl 512]}) 36. Kg2 $11 Qxc7 37. Qxf5 Qc6 (37... Qf7 $5 {[%cal Rf7f5]} 38. Qxe4 Qxa2+ 39. Kg3 Qf7 $15) 38. e6 {Strongly threatening Qf7+.} Qd6 $2 {[%mdl 8192] [#]} (38... Qe8 $11) 39. Qf7+ {[%mdl 64] Double Attack. White mates.} Kh8 40. e7 Qd2+ 41. Kg3 {[%cal Re7e8]} Qxe3+ 42. Kg4 {[%cal Re7e8]} Qe2+ 43. Kf5 {[%cal Re7e8]} Qf3+ 44. Kg6 {[%cal Re7e8]} Qg4 45. e8=Q# {Accuracy: White = 61%, Black = 64%.} 1-0

[Event "Stay Safe Play From Home 361"]
[Site "Emanuel Lasker Arena"]
[Date "2020.08.06"]
[Round "6"]
[White "Edmatuag"]
[Black "Klasman"]
[Result "0-1"]
[WhiteElo "1711"]
[BlackElo "1373"]
[Annotator "NA RC"]
[PlyCount "30"]
[EventDate "2020.08.06"]
[EventType "swiss (blitz)"]

1. e4 {[%emt 0:00:02]} f5 {[%emt 0:00:01]} 2. exf5 {[%emt 0:00:01]} Nf6 {[%emt 0:00:01]} 3. Nf3 {[%emt 0:00:00]} d5 {[%emt 0:00:01]} 4. c3 {[%emt 0:00:01]} Bxf5 {[%emt 0:00:01]} 5. d4 {[%emt 0:00:00]} e6 {[%emt 0:00:01]} 6. Bd3 {[%emt 0:00:00]} Bg4 {[%emt 0:00:02]} 7. O-O {[%emt 0:00:01]} c5 {[%emt 0:00:02]} 8. h3 {[%emt 0:00:01]} Bh5 {[%emt 0:00:02]} 9. g4 {[%emt 0:00:02]} Nxg4 {[%emt 0:00:01]} 10. hxg4 {[%emt 0:00:01]} Bxg4 {[%emt 0:00:01]} 11. Nbd2 {[%emt 0:00:09]} Bd6 {[%emt 0:00:04]} 12. Re1 {[%emt 0:00:04]} O-O {[%emt 0:00:02]} 13. Nf1 {[%emt 0:00:03]} Bxf3 {[%emt 0:00:03]} 14. Qc2 {[%emt 0:00:02]} Qh4 {[%emt 0:00:04]} 15. Re3 {[%emt 0:00:05]} Qh1# {[%emt 0:00:02] (Lag: Av=0.55s, max=1.1s) (Lag: Av=0.55s, max=1.1s) (Lag: Av=0.55s, max=1.1s) (Lag: Av=0.55s, max=1.1s) (Lag: Av=0.55s, max=1.1s)} 0-1